000 00585nam a2200229Ia 4500
005 20260320201230.0
008 008 262003s9999 xx 000 0 eng d
037 _aEBOOK
040 _aCRL
040 _beng
040 _cCRL
041 _2eng
041 _aeng
084 _qCRL
100 _aFinney
_9933901
245 0 _aProject Zero Trust: A Story about a Strategy for Aligning Security and the Business
260 _bIEEE
856 _uhttps://ieeexplore.ieee.org/servlet/opac?bknumber=10322574
942 _cEBOOK
999 _c1719855
_d1719855